Ciencias naturales : quinto grado

Gespeichert in:
Bibliographische Detailangaben
1. Verfasser: Gutiérrez Vázquez, Juan Manuel. Candela Martín, María Antonia. (VerfasserIn, Projektleitung)
Körperschaft: Comisión Nacional de Libros de Texto Gratuitos. (México)
Format: Buch
Sprache:Spanisch
Erschienen: México : Secretaría de Educación Pública, Comisión Nacional de los Libros de Texto Gratuitos. 1981.
Ausgabe:9a. ed.
Katalog:MANES:  Suchergebnis im Bibliothekskatalog
Schulbuchspezifische Eigenschaften:
Schriftenreihe:Libro de texto gratuito
Tags: Tag hinzufügen
Keine Tags, Fügen Sie den ersten Tag hinzu!
Hinzugefügt zu:18.10.2005
Geändert in:08.05.2025

MARC

LEADER 00000cam a2200000 a 4500
003 OSt
005 20250508092036.0
008 051019n1981 mx f 000 0 spa d
040 |a CINV  |c CINV 
050 0 4 |a LTG LB1585  |b M49 5º 1981 
051 0 4 |a LTG LB1585-M49 5º 1981 
110 2 |a Comisión Nacional de Libros de Texto Gratuitos. (México)  |9 24074 
245 0 0 |a Ciencias naturales :  |b quinto grado /  |c Juan Manuel Gutiérrez Vázquez, coord. ; María Antonia Candela Marti...[et al]. 
250 |a 9a. ed. 
260 |a México :  |b Secretaría de Educación Pública, Comisión Nacional de los Libros de Texto Gratuitos.  |c 1981. 
300 |a 159 p.:  |b il;  |c 26 cm. 
440 |a Libro de texto gratuito  |9 21882 
546 |a México 
561 |5 mx-CINVES  |a México. DIE-Cinvestav (Ciudad de México)  |k MANES 
691 0 |a PRI 
700 1 |a Gutiérrez Vázquez, Juan Manuel.  |e coord.  |a Candela Martín, María Antonia.  |e coaut.  |9 35609 
910 |a E-31328  |b Don. 
911 |a E-31328 
942 |2 ddc  |c BK 
999 |c 54895  |d 54895 
999 |c manes:54895  |d 54895